MARC details
| 000 -CABECERA |
| campo de control de longitud fija |
01010nam a2200241 a 4500 |
| 001 - NÚMERO DE CONTROL |
| campo de control |
000038468 |
| 005 - FECHA Y HORA DE LA ÚLTIMA TRANSACCIÓN |
| campo de control |
20201002031252.0 |
| 008 - DATOS DE LONGITUD FIJA--INFORMACIÓN GENERAL |
| campo de control de longitud fija |
130412s2013 dr 001 0 spa d |
| 020 ## - NÚMERO INTERNACIONAL ESTÁNDAR DEL LIBRO |
| Número Internacional Estándar del Libro |
9789945872392 |
| 040 ## - FUENTE DE LA CATALOGACIÓN |
| Centro catalogador/agencia de origen |
DO-SdBNP |
| Lengua de catalogación |
spa |
| Centro/agencia transcriptor |
BNPHU |
| 082 ## - NÚMERO DE LA CLASIFICACIÓN DECIMAL DEWEY |
| Número de clasificación |
232.9 |
| Número de documento/Ítem |
R579t |
| 100 1# - ENTRADA PRINCIPAL--NOMBRE DE PERSONA |
| Nombre de persona |
Rincón Vásquez, Felipe, |
| Fechas asociadas al nombre |
1958- |
| 9 (RLIN) |
52441 |
| 245 13 - MENCIÓN DE TÍTULO |
| Título |
Teología sistemática / |
| Mención de responsabilidad, etc. |
Felipe Rincón Vásquez. |
| 260 ## - PUBLICACIÓN, DISTRIBUCIÓN, ETC. |
| Lugar de publicación, distribución, etc. |
Santo Domingo : |
| Nombre del editor, distribuidor, etc. |
Producciones Mirabal, |
| Fecha de publicación, distribución, etc. |
2013. |
| 300 ## - DESCRIPCIÓN FÍSICA |
| Extensión |
v. ; |
| Dimensiones |
23 cm. |
| 500 ## - NOTA GENERAL |
| Nota general |
La biblioteca posee el v. 1. |
| 505 0# - NOTA DE CONTENIDO CON FORMATO |
| Información miscelánea |
v.1.- El cristianismo: su historia y sus dogmas: |
| Título |
El cristianismo definido -- |
| -- |
El cristianismo: su historia -- |
| -- |
La Biblia: la revelación del cristianismo -- |
| -- |
La doctrina cristiana acerca de Dios -- |
| Información miscelánea |
Bibliografía -- |
| -- |
Guía de estudio para la materia |
| 590 ## - NOTA LOCAL (RLIN) |
| Nota local |
Inventariado, 2018/BT |
| 650 #4 - PUNTO DE ACCESO ADICIONAL DE MATERIA--TÉRMINO DE MATERIA |
| Término de materia o nombre geográfico como elemento de entrada |
Cristianismo |
| Subdivisión general |
Historia y crítica |
| 9 (RLIN) |
12034 |
| 650 #4 - PUNTO DE ACCESO ADICIONAL DE MATERIA--TÉRMINO DE MATERIA |
| Término de materia o nombre geográfico como elemento de entrada |
Interpretación de la biblia |
| 9 (RLIN) |
1107 |
| 650 #4 - PUNTO DE ACCESO ADICIONAL DE MATERIA--TÉRMINO DE MATERIA |
| Término de materia o nombre geográfico como elemento de entrada |
Jesucristo |
| 9 (RLIN) |
1304 |
| 910 ## - DATOS DE OPCIÓN DEL USUARIO (OCLC) |
| Datos de opción del usuario |
Validado. Control de calidad. EMS |